[Event "GER-chT Online Liga 1 GpA"]
[Site "Playchess.com INT"]
[Date "2021.03.23"]
[Round "7.1"]
[White "Donchenko, Alexander"]
[Black "Wielebinski, Paul Martin"]
[Result "0-1"]
[WhiteElo "2668"]
[BlackElo "2067"]
[PlyCount "118"]
[EventDate "2021.01.22"]
[EventType "team-tourn (rapid)"]
[EventRounds "7"]
[EventCountry "GER"]
[SourceTitle "EXT 2022"]
[Source "ChessBase"]
[SourceDate "2021.10.06"]
[SourceVersion "1"]
[SourceVersionDate "2021.10.06"]
[SourceQuality "1"]
[WhiteTeam "Deizisau"]
[BlackTeam "Osnabrueck SV"]
[WhiteTeamCountry "GER"]
[BlackTeamCountry "GER"]

1. e4 c5 2. Nf3 Nc6 3. Bb5 Na5 4. 0-0 a6 5. Be2 e6 6. c4 Nc6 7. d4 cxd4 8. Nxd4 Bc5 9. Nb3 Bb6 10. Bf4 e5 11. Bd2 d6 12. Nc3 Nge7 13. Qc1 0-0 14. Be3 Nd4 15. Qd2 Nxe2+ 16. Qxe2 Bxe3 17. Qxe3 Be6 18. Nd5 Rc8 19. Rac1 f5 20. Rfd1 fxe4 21. Nxe7+ Qxe7 22. Nd2 d5 23. cxd5 Rxc1 24. Rxc1 Bxd5 25. a3 Qf7 26. Rc5 h6 27. h3 Rd8 28. Nf1 Bc6 29. Qc1 Qf4 30. Ne3 Rd3 31. b4 Kh7 32. Qb2 Rd4 33. Qa2 Qf6 34. Qe2 Rd3 35. Qb2 Rd4 36. Qc2 Qd6 37. Kh2 Rd2 38. Qc3 Rxf2 39. Ng4 e3 40. Nxe3 Qd4 41. Rc4 Qxe3 42. Qxe3 Rxg2+ 43. Kh1 Rg3+ 44. Rxc6 Rxe3 45. Rb6 Rxh3+ 46. Kg2 Rxa3 47. Rxb7 a5 48. bxa5 Rxa5 49. Re7 Kg6 50. Kf3 Kf6 51. Rb7 h5 52. Ke4 Ra4+ 53. Kf3 g5 54. Rb8 g4+ 55. Kg3 Ra3+ 56. Kf2 h4 57. Rh8 h3 58. Rh5 g3+ 59. Ke2 g2 0-1

[Event "GER-chT Online Liga 1 GpA"]
[Site "Playchess.com INT"]
[Date "2021.03.16"]
[Round "6.2"]
[White "Dunsbach, Ralf"]
[Black "Wielebinski, Paul Martin"]
[Result "1-0"]
[WhiteElo "2142"]
[BlackElo "2067"]
[PlyCount "83"]
[EventDate "2021.01.22"]
[EventType "team-tourn (rapid)"]
[EventRounds "7"]
[EventCountry "GER"]
[SourceTitle "EXT 2022"]
[Source "ChessBase"]
[SourceDate "2021.10.06"]
[SourceVersion "1"]
[SourceVersionDate "2021.10.06"]
[SourceQuality "1"]
[WhiteTeam "Bad Homburg"]
[BlackTeam "Osnabrueck SV"]
[WhiteTeamCountry "GER"]
[BlackTeamCountry "GER"]

1. c4 c5 2. g3 Nc6 3. Bg2 g6 4. Nf3 Bg7 5. Nc3 Nf6 6. d4 cxd4 7. Nxd4 0-0 8. 0-0 Nxd4 9. Qxd4 d6 10. Qd3 Bf5 11. e4 Be6 12. b3 Nd7 13. Bb2 a6 14. Qd2 Qa5 15. Rad1 Rfe8 16. f4 Bg4 17. Rde1 Nc5 18. f5 b5 19. h3 b4 20. Nd5 Bxb2 21. Qxb2 Nd3 22. Qd2 Nxe1 23. Rxe1 Qc5+ 24. Kh2 Bh5 25. g4 Bxg4 26. hxg4 Kg7 27. Kg3 a5 28. Rh1 h5 29. gxh5 gxf5 30. exf5 f6 31. Rh4 Kf7 32. Rg4 Rg8 33. Rg6 Rg7 34. Qe2 e5 35. fxe6+ Kf8 36. Rxg7 Kxg7 37. e7 Kf7 38. Qg4 Re8 39. Qg6+ Ke6 40. Qxe8 Qd4 41. Qg8+ Kf5 42. Qg6+ 1-0

[Event "Niedersachsen-ch MT"]
[Site "Verden an der Aller"]
[Date "2020.01.03"]
[Round "4"]
[White "Wielebinski, Paul Martin"]
[Black "Boehme, Arne"]
[Result "1/2-1/2"]
[WhiteElo "2045"]
[BlackElo "2158"]
[PlyCount "137"]
[EventDate "2020.01.02"]
[EventType "swiss"]
[EventRounds "7"]
[EventCountry "GER"]
[SourceTitle "EXT 2023"]
[Source "ChessBase"]
[SourceDate "2022.10.05"]
[SourceVersion "1"]
[SourceVersionDate "2022.10.05"]
[SourceQuality "1"]

1. e4 d6 2. d4 Nf6 3. Nc3 g6 4. g3 Bg7 5. Bg2 0-0 6. Nf3 c5 7. d5 b5 8. e5 dxe5 9. Nxe5 b4 10. Na4 Qa5 11. b3 Rd8 12. Nc4 Qb5 13. Ne3 Bb7 14. c4 bxc3 15. Nxc3 Qd7 16. 0-0 Na6 17. Qe2 Ng4 18. Nxg4 Bxc3 19. Bg5 h5 20. Nh6+ Kg7 21. Rad1 Bf6 22. Bc1 Rh8 23. Qe3 Rac8 24. Nxf7 Kxf7 25. Qe6+ Ke8 26. Qe4 Qf5 27. Qe2 Kf7 28. Rfe1 Kg7 29. Be4 Qg4 30. Qb5 Rb8 31. f3 Qc8 32. Qd3 Nb4 33. Qb1 Qe8 34. a3 Na6 35. Bf4 Rd8 36. d6 Bxe4 37. Qxe4 Nb8 38. Be5 Qf7 39. Qf4 exd6 40. Bxd6 Nc6 41. Bxc5 Rxd1 42. Rxd1 Rd8 43. Rxd8 Nxd8 44. Qe3 a6 45. Kg2 Qe6 46. Qd3 Nf7 47. b4 Ne5 48. Qe4 Qc6 49. Qe3 Kh7 50. Qb3 Bg7 51. a4 Qd7 52. Qc2 Qd3 53. Qxd3 Nxd3 54. Bd6 Bd4 55. b5 axb5 56. axb5 Ne1+ 57. Kh3 Nxf3 58. Bc7 Ne5 59. b6 Nd7 60. b7 Ba7 61. g4 hxg4+ 62. Kxg4 Kh6 63. Kf4 Kh5 64. Bd6 Bb8 65. Bxb8 Nxb8 66. Ke5 g5 67. Kd6 Kh4 68. Kc7 Na6+ 69. Kb6 1/2-1/2

[Event "Bremen Silvester op"]
[Site "Bremen"]
[Date "2019.12.27"]
[Round "1"]
[White "Wielebinski, Paul Martin"]
[Black "Lapehn, Klaus"]
[Result "1-0"]
[WhiteElo "2069"]
[BlackElo "1672"]
[PlyCount "81"]
[EventDate "2019.12.27"]
[EventType "swiss"]
[EventRounds "7"]
[EventCountry "GER"]
[SourceTitle "CBM 194 Extra"]
[Source "ChessBase"]
[SourceDate "2020.03.31"]
[SourceVersion "1"]
[SourceVersionDate "2020.03.31"]
[SourceQuality "1"]

1. e4 c5 2. Nf3 d6 3. d4 cxd4 4. Nxd4 Nf6 5. Nc3 e6 6. Bg5 Be7 7. Qd2 a6 8. 0-0-0 Nbd7 9. f4 0-0 10. Be2 Qc7 11. g4 b5 12. a3 Bb7 13. Bf3 Rac8 14. Bxf6 Bxf6 15. g5 Be7 16. f5 exf5 17. Nxf5 Ne5 18. Be2 Rfd8 19. Rhg1 Bf8 20. Kb1 Nc4 21. Bxc4 Qxc4 22. Ne3 Qe6 23. Ned5 Rc4 24. Qf4 Be7 25. Qf5 Re8 26. Nf6+ Bxf6 27. gxf6 g6 28. Qg5 Rc5 29. Qf4 Re5 30. Rgf1 Kh8 31. Qh6 Rg8 32. Qd2 Rd8 33. Nd5 Bxd5 34. exd5 Qc8 35. Rf4 Rh5 36. Re1 Re8 37. Rfe4 Rhe5 38. Rxe5 dxe5 39. Qh6 Rg8 40. Rxe5 Qd8 41. Re7 1-0

[Event "Niedersachsen-ch op A"]
[Site "Verden"]
[Date "2019.01.05"]
[Round "5"]
[White "Benning, Michael"]
[Black "Wielebinski, Paul Martin"]
[Result "1/2-1/2"]
[WhiteElo "1832"]
[BlackElo "2131"]
[PlyCount "62"]
[EventDate "2019.01.03"]
[EventType "swiss"]
[EventRounds "7"]
[EventCountry "GER"]
[SourceTitle "EXT 2022"]
[Source "ChessBase"]
[SourceDate "2021.10.06"]
[SourceVersion "1"]
[SourceVersionDate "2021.10.06"]
[SourceQuality "1"]

1. d4 Nf6 2. Bf4 g6 3. Nf3 Bg7 4. e3 0-0 5. h3 c5 6. c3 b6 7. Be2 Bb7 8. 0-0 d6 9. a4 a6 10. Bh2 Nbd7 11. Nbd2 Qc7 12. Rc1 Rad8 13. b4 e5 14. dxe5 Nxe5 15. Qc2 Nxf3+ 16. Nxf3 Qe7 17. bxc5 dxc5 18. c4 Ne4 19. Qb3 Nd2 20. Nxd2 Rxd2 21. Bf3 Bxf3 22. gxf3 Qg5+ 23. Bg3 Rb2 24. Qa3 Rd8 25. Rcd1 Rdd2 26. Rxd2 Rxd2 27. Qb3 Qd8 28. Rb1 a5 29. Qxb6 Qxb6 30. Rxb6 Bc3 31. Rc6 Ra2 1/2-1/2

[Event "Niedersachsen-ch op A"]
[Site "Verden"]
[Date "2019.01.05"]
[Round "6"]
[White "Stelmaszyk, Nico"]
[Black "Wielebinski, Paul Martin"]
[Result "1/2-1/2"]
[WhiteElo "1993"]
[BlackElo "2131"]
[PlyCount "83"]
[EventDate "2019.01.03"]
[EventType "swiss"]
[EventRounds "7"]
[EventCountry "GER"]
[SourceTitle "EXT 2022"]
[Source "ChessBase"]
[SourceDate "2021.10.06"]
[SourceVersion "1"]
[SourceVersionDate "2021.10.06"]
[SourceQuality "1"]

1. e4 c5 2. Nf3 Nc6 3. c3 Nf6 4. e5 Nd5 5. d4 cxd4 6. cxd4 d6 7. Bc4 e6 8. 0-0 Be7 9. Qe2 0-0 10. Qe4 g6 11. Bh6 Re8 12. Nbd2 dxe5 13. dxe5 b6 14. Rfd1 Bb7 15. Bxd5 Qxd5 16. Qf4 Red8 17. Re1 Qd3 18. Ne4 Nd4 19. Nxd4 Rxd4 20. Nf6+ Kh8 21. Qe3 Qxe3 22. Rxe3 Rad8 23. h3 Rd1+ 24. Re1 Rxa1 25. Rxa1 Bc5 26. Rc1 Bd4 27. Ng4 Rd7 28. Rc2 a5 29. Nf6 Rd8 30. Ng4 Bc5 31. Be3 Bxe3 32. Nxe3 Rd7 33. Nc4 Rc7 34. Rc3 Bd5 35. Nxb6 Rxc3 36. bxc3 Bxa2 37. c4 a4 38. Nxa4 Bxc4 39. Nc3 Kg7 40. Ne4 Bd3 41. Nf6 g5 42. g4 1/2-1/2

[Event "Niedersachsen-ch op A"]
[Site "Verden"]
[Date "2019.01.04"]
[Round "4"]
[White "Wielebinski, Paul Martin"]
[Black "Arntz, Christoph"]
[Result "1-0"]
[WhiteElo "2131"]
[BlackElo "1979"]
[PlyCount "41"]
[EventDate "2019.01.03"]
[EventType "swiss"]
[EventRounds "7"]
[EventCountry "GER"]
[SourceTitle "EXT 2022"]
[Source "ChessBase"]
[SourceDate "2021.10.06"]
[SourceVersion "1"]
[SourceVersionDate "2021.10.06"]
[SourceQuality "1"]

1. e4 c5 2. Nf3 e6 3. d4 cxd4 4. Nxd4 Nf6 5. Nc3 d6 6. Be2 Be7 7. 0-0 0-0 8. Be3 Nc6 9. Kh1 e5 10. Nb3 Be6 11. f4 exf4 12. Bxf4 a6 13. Nd4 Bd7 14. Qd2 Qc7 15. Rad1 Rad8 16. Bg5 Nxd4 17. Qxd4 Be6 18. Bxf6 gxf6 19. Nd5 Bxd5 20. exd5 Qc5 21. Qe4 1-0

[Event "Niedersachsen-ch op A"]
[Site "Verden"]
[Date "2019.01.04"]
[Round "3"]
[White "Wielebinski, Paul Martin"]
[Black "Schiller, Jan Hendrik"]
[Result "1-0"]
[WhiteElo "2131"]
[BlackElo "1822"]
[PlyCount "57"]
[EventDate "2019.01.03"]
[EventType "swiss"]
[EventRounds "7"]
[EventCountry "GER"]
[SourceTitle "EXT 2022"]
[Source "ChessBase"]
[SourceDate "2021.10.06"]
[SourceVersion "1"]
[SourceVersionDate "2021.10.06"]
[SourceQuality "1"]

1. e4 c5 2. Nf3 d6 3. d4 cxd4 4. Nxd4 Nf6 5. Nc3 a6 6. Bg5 e6 7. f4 Be7 8. Qf3 h6 9. Bh4 Nbd7 10. 0-0-0 Qc7 11. Kb1 g5 12. fxg5 Ne5 13. Qe2 Nfg4 14. Nf3 Nxf3 15. Qxf3 hxg5 16. Bxg5 Ne5 17. Qf4 Bd7 18. Bxe7 Kxe7 19. Be2 b5 20. Rhf1 Rag8 21. a3 Qc5 22. g4 Rh3 23. Nd5+ Kf8 24. Qf6 Rg6 25. Qe7+ Kg7 26. Nf4 Rxh2 27. Nxg6 Kxg6 28. Qf6+ Kh7 29. Rh1 1-0

[Event "Niedersachsen-ch op A"]
[Site "Verden"]
[Date "2019.01.03"]
[Round "2"]
[White "Palmer, Harald"]
[Black "Wielebinski, Paul Martin"]
[Result "1-0"]
[WhiteElo "1815"]
[BlackElo "2131"]
[PlyCount "89"]
[EventDate "2019.01.03"]
[EventType "swiss"]
[EventRounds "7"]
[EventCountry "GER"]
[SourceTitle "EXT 2022"]
[Source "ChessBase"]
[SourceDate "2021.10.06"]
[SourceVersion "1"]
[SourceVersionDate "2021.10.06"]
[SourceQuality "1"]

1. Nf3 Nf6 2. c4 c5 3. g3 g6 4. Bg2 Bg7 5. Nc3 Nc6 6. 0-0 0-0 7. d3 Rb8 8. Bf4 d6 9. Qd2 Re8 10. h3 a6 11. Ne1 Bd7 12. Nc2 b5 13. Rab1 b4 14. Nd5 Nxd5 15. cxd5 Na7 16. d4 cxd4 17. Nxd4 Qb6 18. Be3 Qb7 19. Rfc1 Rec8 20. Rxc8+ Rxc8 21. Rc1 a5 22. Rxc8+ Qxc8 23. Kh2 Qc4 24. b3 Qc3 25. Qxc3 bxc3 26. Nc6 Nc8 27. Nxa5 e6 28. Nc4 exd5 29. Bxd5 Ne7 30. Bb7 d5 31. Nb6 d4 32. Bc1 Bc6 33. Bxc6 Nxc6 34. Nd5 Bf8 35. f4 f5 36. e3 c2 37. exd4 Nxd4 38. b4 Ne2 39. Bd2 c1Q 40. Bxc1 Nxc1 41. a4 Kf7 42. a5 Nd3 43. a6 Nxb4 44. Nxb4 Bc5 45. Nc6 1-0

[Event "Niedersachsen-ch op A"]
[Site "Verden"]
[Date "2018.01.07"]
[Round "7"]
[White "Diederichs, Luise"]
[Black "Wielebinski, Paul Martin"]
[Result "1/2-1/2"]
[WhiteElo "1943"]
[BlackElo "2101"]
[PlyCount "96"]
[EventDate "2018.01.04"]
[EventType "swiss"]
[EventRounds "7"]
[EventCountry "GER"]
[SourceTitle "EXT 2022"]
[Source "ChessBase"]
[SourceDate "2021.10.06"]
[SourceVersion "1"]
[SourceVersionDate "2021.10.06"]
[SourceQuality "1"]

1. e4 c5 2. c4 Nc6 3. Ne2 e6 4. Nbc3 Nf6 5. d4 cxd4 6. Nxd4 Bb4 7. f3 0-0 8. Be2 d5 9. Nxc6 bxc6 10. exd5 cxd5 11. 0-0 Bb7 12. Be3 Qe7 13. cxd5 exd5 14. Bd4 Rfe8 15. Bb5 Red8 16. Kh1 a6 17. Bd3 Bc5 18. Bf5 Re8 19. Bc2 Bxd4 20. Qxd4 Qe3 21. Rad1 Qh6 22. Rfe1 Nh5 23. Ba4 Ng3+ 24. Kg1 Nf5 25. Qc5 Rec8 26. Qf2 d4 27. Ne2 Ne3 28. Rxd4 Nc2 29. Rh4 Qd2 30. Bxc2 Rxc2 31. Rd4 Qa5 32. b4 Qxa2 33. Qe3 h6 34. h4 Bc6 35. Qe7 Rd2 36. Qd6 Rxe2 37. Rxe2 Qxe2 38. Qxc6 Qe1+ 39. Kh2 Qe5+ 40. Kh1 Re8 41. Re4 Qa1+ 42. Kh2 Re5 43. Qc8+ Kh7 44. Qc4 f5 45. Rxe5 Qxe5+ 46. Kh3 Qa1 47. Qf4 Qh1+ 48. Kg3 Qe1+ 1/2-1/2

[Event "Niedersachsen-ch op A"]
[Site "Verden"]
[Date "2018.01.04"]
[Round "2"]
[White "Wielebinski, Paul Martin"]
[Black "Brockmeyer, Tobias"]
[Result "1-0"]
[WhiteElo "2101"]
[BlackElo "1684"]
[PlyCount "37"]
[EventDate "2018.01.04"]
[EventType "swiss"]
[EventRounds "7"]
[EventCountry "GER"]
[SourceTitle "EXT 2022"]
[Source "ChessBase"]
[SourceDate "2021.10.06"]
[SourceVersion "1"]
[SourceVersionDate "2021.10.06"]
[SourceQuality "1"]

1. e4 e6 2. d4 d5 3. Nd2 Nf6 4. e5 Nfd7 5. Bd3 c5 6. c3 Nc6 7. Ne2 cxd4 8. cxd4 f6 9. exf6 Nxf6 10. Nf3 Bd6 11. 0-0 Qc7 12. Bg5 0-0 13. Ng3 Bd7 14. Re1 Rae8 15. Rc1 Qb6 16. Ne5 Bc8 17. Bxf6 Rxf6 18. Bxh7+ Kh8 19. Qh5 1-0

[Event "Niedersachsen-ch"]
[Site "Verden"]
[Date "2017.01.08"]
[Round "7"]
[White "Schulze, Lara"]
[Black "Wielebinski, Paul Martin"]
[Result "0-1"]
[WhiteElo "1920"]
[BlackElo "2058"]
[PlyCount "60"]
[EventDate "2017.01.05"]
[EventType "swiss"]
[EventRounds "7"]
[EventCountry "GER"]
[SourceTitle "EXT 2018"]
[Source "ChessBase"]
[SourceDate "2017.10.13"]
[SourceVersion "1"]
[SourceVersionDate "2017.10.13"]
[SourceQuality "1"]

1. e4 c5 2. Nf3 Nc6 3. d4 cxd4 4. Nxd4 Nf6 5. Nc3 e5 6. Ndb5 d6 7. Bg5 a6 8. Na3 b5 9. Nd5 Be7 10. Bxf6 Bxf6 11. c4 b4 12. Nc2 a5 13. g3 0-0 14. Bg2 Bg5 15. 0-0 Ne7 16. Qd3 Nxd5 17. Qxd5 Be6 18. Qd3 Qb6 19. Rfd1 Rad8 20. Re1 Kh8 21. Ne3 g6 22. Rad1 f5 23. Qc2 f4 24. Nd5 Qc5 25. Rd3 Rf7 26. Bf3 fxg3 27. hxg3 Rdf8 28. Kg2 Bg4 29. Qd1 Rxf3 30. Rxf3 Bxf3+ 0-1

[Event "Hannover Ihme Cup"]
[Site "Hannover"]
[Date "2016.05.21"]
[Round "3"]
[White "Wielebinski, Paul Martin"]
[Black "Lenhardt, Manfred"]
[Result "1/2-1/2"]
[WhiteElo "1998"]
[BlackElo "2139"]
[PlyCount "39"]
[EventDate "2016.05.20"]
[EventType "swiss"]
[EventRounds "5"]
[EventCountry "GER"]
[SourceTitle "CBM 189 Extra"]
[Source "ChessBase"]
[SourceDate "2019.06.03"]
[SourceVersion "1"]
[SourceVersionDate "2019.06.03"]
[SourceQuality "1"]

1. e4 e6 2. d4 d5 3. Nd2 Nf6 4. e5 Nfd7 5. Bd3 c5 6. c3 Nc6 7. Ne2 cxd4 8. cxd4 f6 9. exf6 Nxf6 10. Nf3 Bd6 11. 0-0 Qc7 12. Bg5 0-0 13. Rc1 Bd7 14. Ng3 Qb6 15. Re1 h6 16. Bxf6 Rxf6 17. Nh5 Rff8 18. Bb1 Rae8 19. Qd3 Rf5 20. g4 1/2-1/2

[Event "Niedersachsen-ch op"]
[Site "Verden"]
[Date "2016.01.05"]
[Round "5"]
[White "Wielebinski, Paul Martin"]
[Black "Stotyn, Fabian"]
[Result "1-0"]
[WhiteElo "1934"]
[BlackElo "2162"]
[PlyCount "91"]
[EventDate "2016.01.03"]
[EventType "swiss"]
[EventRounds "7"]
[EventCountry "GER"]
[SourceTitle "EXT 2018"]
[Source "ChessBase"]
[SourceDate "2017.10.13"]
[SourceVersion "1"]
[SourceVersionDate "2017.10.13"]
[SourceQuality "1"]

1. c4 Nf6 2. Nf3 b6 3. g3 Bb7 4. Bg2 e6 5. 0-0 Be7 6. b3 0-0 7. Bb2 c5 8. Nc3 d5 9. e3 dxc4 10. bxc4 Nc6 11. d4 Na5 12. Qe2 cxd4 13. exd4 Rc8 14. d5 Ba6 15. dxe6 Bxc4 16. exf7+ Rxf7 17. Qe5 Bxf1 18. Bxf1 Bc5 19. Bh3 Re7 20. Be6+ Kh8 21. Qf5 Rc6 22. Ng5 Rcxe6 23. Nxe6 Qd7 24. Re1 Nc4 25. Ba1 Nd6 26. Qh3 Nfe4 27. Nxe4 Rxe6 28. Qg4 Bxf2+ 29. Kxf2 Qf7+ 30. Kg1 Ne8 31. Rf1 Qe7 32. Ng5 Rg6 33. Nf7+ Kg8 34. Qc4 h6 35. Ne5+ Re6 36. Rf7 Qxf7 37. Nxf7 Kxf7 38. Bc3 Nf6 39. Kg2 h5 40. Qc7+ Re7 41. Qc4+ Re6 42. a4 Ng4 43. Qf4+ Kg6 44. h4 Re2+ 45. Kg1 Nf6 46. Qg5+ 1-0

[Event "Niedersachsen-ch op"]
[Site "Verden"]
[Date "2016.01.04"]
[Round "4"]
[White "Jung, Gerald"]
[Black "Wielebinski, Paul Martin"]
[Result "0-1"]
[WhiteElo "1949"]
[BlackElo "1934"]
[PlyCount "44"]
[EventDate "2016.01.03"]
[EventType "swiss"]
[EventRounds "7"]
[EventCountry "GER"]
[SourceTitle "EXT 2018"]
[Source "ChessBase"]
[SourceDate "2017.10.13"]
[SourceVersion "1"]
[SourceVersionDate "2017.10.13"]
[SourceQuality "1"]

1. e4 c5 2. Nf3 Nc6 3. d4 cxd4 4. Nxd4 Nf6 5. Nc3 e5 6. Ndb5 d6 7. Bg5 a6 8. Na3 b5 9. Bxf6 gxf6 10. Nd5 Bg7 11. c3 f5 12. Nc2 fxe4 13. a4 bxa4 14. Rxa4 0-0 15. Bc4 Rb8 16. b4 a5 17. b5 Ne7 18. Nce3 Kh8 19. Qh5 Nxd5 20. Bxd5 f5 21. 0-0 Rxb5 22. f3 Qb6 0-1

[Event "Niedersachsen-ch op"]
[Site "Verden"]
[Date "2016.01.04"]
[Round "3"]
[White "Wielebinski, Paul Martin"]
[Black "Langer, Michael Sebastian"]
[Result "1-0"]
[WhiteElo "1934"]
[BlackElo "1950"]
[PlyCount "87"]
[EventDate "2016.01.03"]
[EventType "swiss"]
[EventRounds "7"]
[EventCountry "GER"]
[SourceTitle "EXT 2018"]
[Source "ChessBase"]
[SourceDate "2017.10.13"]
[SourceVersion "1"]
[SourceVersionDate "2017.10.13"]
[SourceQuality "1"]

1. e4 c6 2. Nc3 d5 3. Nf3 Bg4 4. h3 Bxf3 5. Qxf3 e6 6. g3 Nf6 7. Bg2 Be7 8. 0-0 0-0 9. d3 Na6 10. Qe2 Re8 11. e5 Nd7 12. f4 Nc7 13. Bd2 f5 14. Rae1 Kh8 15. Nd1 Rg8 16. h4 Rc8 17. Nf2 g6 18. Nh3 Ne8 19. Bc1 Ng7 20. Ng5 Qe8 21. Bf3 h6 22. Nh3 Kh7 23. Kg2 Nh5 24. Rh1 Qf7 25. Ref1 Rg7 26. g4 fxg4 27. Bxg4 Rgg8 28. Qe3 Bf8 29. Kh2 Qe7 30. Rhg1 Ng7 31. Qg3 Qe8 32. Nf2 Bc5 33. c3 Nf5 34. Qh3 Qf7 35. h5 Bxf2 36. hxg6+ Qxg6 37. Rxf2 Qf7 38. Rfg2 Nc5 39. Bh5 Rxg2+ 40. Rxg2 Qe7 41. Bg6+ Kh8 42. Rg5 Nh4 43. Qxh4 Kg7 44. Qh5 1-0

[Event "Niedersachsen-ch op"]
[Site "Verden"]
[Date "2016.01.03"]
[Round "1"]
[White "Wielebinski, Paul Martin"]
[Black "Hupe, Henning"]
[Result "1/2-1/2"]
[WhiteElo "1934"]
[BlackElo "2059"]
[PlyCount "77"]
[EventDate "2016.01.03"]
[EventType "swiss"]
[EventRounds "7"]
[EventCountry "GER"]
[SourceTitle "EXT 2018"]
[Source "ChessBase"]
[SourceDate "2017.10.13"]
[SourceVersion "1"]
[SourceVersionDate "2017.10.13"]
[SourceQuality "1"]

1. e4 c6 2. Nc3 d5 3. Nf3 Nf6 4. e5 Ne4 5. Bd3 Nc5 6. Be2 d4 7. Nb1 d3 8. cxd3 Nxd3+ 9. Bxd3 Qxd3 10. Qe2 Qxe2+ 11. Kxe2 Bg4 12. h3 Bxf3+ 13. gxf3 Nd7 14. f4 0-0-0 15. d4 Nb6 16. Be3 e6 17. Nc3 Be7 18. Rhc1 Kb8 19. a3 Nd5 20. Ne4 Rd7 21. b4 Rhd8 22. Rc2 Nc7 23. Nc3 Nd5 24. Ne4 Nc7 25. Nd2 g6 26. Nb3 Nd5 27. Na5 Nc7 28. Rc4 Nd5 29. Rb1 Rc8 30. Nb3 Rcd8 31. Nc5 Bxc5 32. bxc5 h5 33. Rb3 Ne7 34. a4 Nf5 35. Kd3 Kc8 36. Ke4 Rd5 37. Rcb4 R8d7 38. a5 a6 39. Rb1 1/2-1/2

[Event "GER-chT Lands U20"]
[Site "Hannover"]
[Date "2015.10.05"]
[Round "5.1"]
[White "Wielebinski, Paul Martin"]
[Black "Maj, Kornel"]
[Result "0-1"]
[WhiteElo "1969"]
[BlackElo "2085"]
[PlyCount "122"]
[EventDate "2015.10.03"]
[EventType "team-swiss"]
[EventRounds "7"]
[EventCountry "GER"]
[SourceTitle "CBM 168 Extra"]
[Source "ChessBase"]
[SourceDate "2015.10.29"]
[SourceVersion "1"]
[SourceVersionDate "2015.10.29"]
[SourceQuality "1"]
[WhiteTeam "Niedersachsen (U20) II"]
[BlackTeam "Wuerttemberg (U20)"]
[WhiteTeamCountry "GER"]
[BlackTeamCountry "GER"]

1. e4 c5 2. Nf3 d6 3. d4 cxd4 4. Nxd4 Nf6 5. Nc3 Nc6 6. f4 g6 7. Nxc6 bxc6 8. e5 Nd7 9. exd6 exd6 10. Qe2+ Be7 11. Be3 0-0 12. 0-0-0 d5 13. Qf2 Qa5 14. Kb1 Rb8 15. Bd4 Bb4 16. Ne2 c5 17. Be3 d4 18. Bc1 Nf6 19. Ng3 Be6 20. b3 Nd5 21. Ne2 Bg4 22. Bb2 Nc3+ 23. Bxc3 dxc3 24. a4 Ba3 25. Qe1 Bb2 26. Nc1 Bxd1 27. Qxd1 Bxc1 28. Kxc1 Qb4 29. Kb1 Qxa4 30. Qd3 Qxf4 31. Qxc3 Qb4 32. Kb2 a5 33. Bc4 a4 34. Qxb4 Rxb4 35. Kc3 a3 36. Ra1 Ra8 37. Kd3 Rb6 38. Bd5 Ra5 39. c3 Kg7 40. Kc4 f5 41. Kd3 Kf6 42. Kc2 Ke5 43. Bc4 Rd6 44. Re1+ Kf4 45. b4 cxb4 46. cxb4 Ra8 47. Kc3 a2 48. Ra1 Ra3+ 49. Kb2 Re3 50. Rf1+ Ke5 51. Rf2 Rd4 52. Bxa2 Rxb4+ 53. Kc2 Rf4 54. Rd2 Rd4 55. Rf2 f4 56. Bg8 h6 57. h4 h5 58. Bf7 Kf5 59. Rf1 Rd6 60. Rf2 Kg4 61. Bb3 Rc6+ 0-1

[Event "Niedersachsen-ch op-A"]
[Site "Verden"]
[Date "2015.01.04"]
[Round "6"]
[White "Ewert, Stefan"]
[Black "Wielebinski, Paul Martin"]
[Result "0-1"]
[WhiteElo "1859"]
[BlackElo "1822"]
[PlyCount "48"]
[EventDate "2015.01.02"]
[EventType "swiss"]
[EventRounds "7"]
[EventCountry "GER"]
[SourceTitle "EXT 2018"]
[Source "ChessBase"]
[SourceDate "2017.10.13"]
[SourceVersion "1"]
[SourceVersionDate "2017.10.13"]
[SourceQuality "1"]

1. d4 Nf6 2. Nf3 g6 3. c4 Bg7 4. Nc3 0-0 5. e4 d6 6. Be2 e5 7. dxe5 dxe5 8. Bg5 Qxd1+ 9. Rxd1 Nbd7 10. 0-0 c6 11. Rd6 h6 12. Bc1 Nc5 13. Bxh6 Bxh6 14. Nxe5 Nfxe4 15. Nxe4 Nxe4 16. Rd4 Nc5 17. f4 Ne6 18. Rdd1 Bxf4 19. Nd3 Be3+ 20. Kh1 Nd4 21. Bf3 Nxf3 22. gxf3 Be6 23. b3 Rad8 24. Rfe1 Bb6 0-1

[Event "Niedersachsen-ch U18"]
[Site "Norderney"]
[Date "2014.04.15"]
[Round "6"]
[White "Wielebinski, Paul Martin"]
[Black "Tschirner, Tom Luca"]
[Result "1-0"]
[WhiteElo "1768"]
[BlackElo "1710"]
[PlyCount "105"]
[EventDate "2014.04.??"]
[EventType "swiss"]
[EventRounds "9"]
[EventCountry "GER"]
[SourceTitle "EXT 2017"]
[Source "ChessBase"]
[SourceDate "2016.10.25"]
[SourceVersion "1"]
[SourceVersionDate "2016.10.25"]
[SourceQuality "1"]

1. e4 c5 2. Nc3 Nc6 3. f4 d6 4. Nf3 Nf6 5. Bc4 a6 6. a4 g6 7. 0-0 Bg7 8. d3 0-0 9. Qe1 Qc7 10. Kh1 Bg4 11. Qg3 Bxf3 12. Qxf3 Nd4 13. Qf2 e6 14. h3 Rad8 15. Be3 Nc6 16. Bb3 b6 17. f5 Kh8 18. fxe6 fxe6 19. Qh4 d5 20. Bg5 Qe5 21. exd5 exd5 22. Rae1 Qd6 23. Ne2 Kg8 24. Nf4 Nd4 25. Ba2 Qc6 26. Ne6 Nxe6 27. Bxf6 Rd7 28. Bxg7 Rxf1+ 29. Rxf1 Nxg7 30. Qf4 h5 31. Qb8+ Kh7 32. Rf8 g5 33. Qe5 Kg6 34. h4 g4 35. Qg5+ Kh7 36. Rf6 Qb7 37. Qg6+ Kg8 38. Rxb6 Qc8 39. Rxa6 g3 40. Qc6 Qxc6 41. Rxc6 Re7 42. Bxd5+ Kf8 43. Be4 Ne6 44. a5 Rf7 45. Kg1 Nd4 46. Rc8+ Kg7 47. Bf3 Re7 48. Kf1 Nxc2 49. Be4 Ne3+ 50. Ke2 Nxg2 51. Kf3 Nxh4+ 52. Kxg3 Ng6 53. Rxc5 1-0

[Event "Niedersachsen-ch U18"]
[Site "Norderney"]
[Date "2014.04.14"]
[Round "5"]
[White "Wielebinski, Paul Martin"]
[Black "Seidenstuecker, Hans Lennart"]
[Result "1-0"]
[WhiteElo "1768"]
[BlackElo "1341"]
[PlyCount "79"]
[EventDate "2014.04.??"]
[EventType "swiss"]
[EventRounds "9"]
[EventCountry "GER"]
[SourceTitle "EXT 2017"]
[Source "ChessBase"]
[SourceDate "2016.10.25"]
[SourceVersion "1"]
[SourceVersionDate "2016.10.25"]
[SourceQuality "1"]

1. e4 c5 2. Nf3 Nc6 3. d4 cxd4 4. Nxd4 g6 5. Nc3 Bg7 6. Be3 d6 7. f3 Nf6 8. Qd2 0-0 9. 0-0-0 a6 10. g4 Ne5 11. h4 b5 12. Bh6 b4 13. Nd5 Nxd5 14. exd5 Qa5 15. Bxg7 Kxg7 16. Kb1 f5 17. Qg5 Nf7 18. Qxe7 Qd8 19. Qxd8 Rxd8 20. Ne6+ Bxe6 21. dxe6 Nh6 22. g5 Ng8 23. h5 Ne7 24. Rh4 a5 25. h6+ Kf8 26. Bb5 Rab8 27. Bd7 d5 28. Rhd4 Rb7 29. R1d3 Rc7 30. a3 bxa3 31. Rxa3 Ra8 32. b4 Rb7 33. Kc1 Rba7 34. b5 Nc8 35. Bxc8 Rxc8 36. Rxd5 Rac7 37. Ra2 Rc3 38. Rd7 Rxf3 39. Rxh7 Rf1+ 40. Kb2 1-0